Inovačný proces podniku a jeho riadenie bakalárska práca

Guardado en:
Detalles Bibliográficos
Autor principal: Suseda, Marek
Autor Corporativo: Fakulta podnikového manažmentu EU. Katedra podnikovohospodárska
Otros Autores: Hojdik, Vladimír, 1992-
Formato: Libro
Lenguaje:eslovaco
Publicado: Bratislava 2021
Etiquetas: Agregar Etiqueta
Sin Etiquetas, Sea el primero en etiquetar este registro!

MARC

LEADER 00000nbm a2200000 4500
001 0275719
005 20211118105850.4
041 0 |a slo 
044 |a SK 
245 1 0 |a Inovačný proces podniku a jeho riadenie  |b bakalárska práca  |c Marek Suseda ; školiteľ: Vladimír Hojdik 
264 1 |a Bratislava  |c 2021 
300 |a 49 s. 
100 1 |a Suseda, Marek 
700 1 |a Hojdik, Vladimír, 1992- 
710 2 |a Fakulta podnikového manažmentu EU. Katedra podnikovohospodárska